000 00411nam a2200157Ia 4500
003 GCL
008 140319s9999 xx 000 0 eng d
040 _aGCL /
_cGCL
082 0 4 _a005.7
_bT D
100 1 _aTURNER, LAWRENCE E.
245 1 0 _aDATA STRUCTURES /
_cTURNER, LAWRENCE E.
260 _a[S.N] :
_bWM. C. BROWN PUBLISHERS ،
_c1994
300 _a608 P
650 0 4 _aشعر الحرب
942 _2ddc
_cBK
999 _c14230
_d14230